| 000 | 01230nam a2200277Ia 4500 | ||
|---|---|---|---|
| 003 | OSt | ||
| 005 | 20220923230950.0 | ||
| 006 | a|||||r|||| 00| 0 | ||
| 007 | ta | ||
| 008 | 220922b |||||||| |||| 00| 0 san d | ||
| 020 | _c40 | ||
| 024 | _a324,855 | ||
| 037 |
_b414, 13/03/2018, Eastern Book Linkers _cTextual |
||
| 040 |
_aARTS _cARTS _bsan |
||
| 041 |
_2san _asan |
||
| 082 | _aDelta2:3, 152Q5 | ||
| 100 | _aअयोध्या प्रसाद, 'अचल', ले. | ||
| 245 | 0 |
_aयौगिक षट्कर्म _b योग की शरीर - शोधन क्रियाएॅं |
|
| 246 | _aYaugik ṣhaṭkarma: yog kī sharīr - shodhan kriyāeॅan | ||
| 260 |
_aवाराणसी _b चौचाम्बा सुरभारती प्रकाशन _c2015 |
||
| 300 |
_a31पृ0 _ccm. |
||
| 490 | _aचौखम्बा आयुर्विज्ञान ग्रन्थमाला; 32 | ||
| 650 | _aआध्यात्मिक अनुभव और रहस्यवाद | ||
| 942 |
_hDelta2:3, 152Q5 _cTEXL _2CC |
||
| 999 |
_c388479 _d388479 |
||